Religion Quiz

Random Religion or Bible Quiz

12 Sons of Jacob Quiz Stats

 Plays Quiz Updated Mar 7, 2019

Support Sporcle.
Go Orange.
Score 0/12 Timer 03:00
5 Plays Today
Biblical Reference Name % Correct
Genesis 30:23Joseph
91.1%
Genesis 35:18Benjamin
83.1%
Genesis 29:34Levi
69.6%
Genesis 30:5Dan
65.2%
Genesis 29:35Judah
63.8%
Genesis 29:32Reuben
62.9%
Genesis 30:10Gad
58.6%
Genesis 30:12Asher
56.3%
Genesis 29:33Simeon
54.4%
Genesis 30:7Naphtali
43.3%
Genesis 30:17Issachar
36.1%
Genesis 30:19Zebulun
35.3%

You're not logged in!

Compare scores with friends on all Sporcle quizzes.
OR
Log In

From the Vault

Rock Songs by Words in Movie Titles II

by MSUKent

Unfortunately for Nicolas Cage, 'The Rock' didn't actually make the cut.
Remove Ads.
Support Sporcle.
Get the best of Sporcle when you Go Orange. This ad-free experience offers more features, more stats, and more fun while also helping to support Sporcle. Thank you for becoming a member.

Show Comments

Extras

Top Quizzes Today


Score Distribution

Your Account Isn't Verified!

In order to create a playlist on Sporcle, you need to verify the email address you used during registration. Go to your Sporcle Settings to finish the process.

Report this User

Report this user for behavior that violates our Community Guidelines.

Details: